Schválili zjazdové dokumenty Skončilo sa snemovanie Zväzu českých spisovateľov

Bibliographic Details
Format: Article
Language:Slovak
Subjects:

MARC

LEADER 00000nab a2200000 a 4500
001 vtls000112672
003 SK-MaSNL
005 20260303201357.0
008 150430c1982 xo 0 slo
015 |a SNBRB19rr/mm-uuuuu 
035 |a CL0122775 
040 |a SNKBUCL  |b slo  |c SNKBUCL  |e AACR2 
041 0 |a slo 
044 |a xo  |c SK 
080 |a 82:061.3:885.0  |2 1981 
080 |a 061.3  |2 1981 
080 |a 885.0  |2 1981 
245 0 0 |a Schválili zjazdové dokumenty  |b Skončilo sa snemovanie Zväzu českých spisovateľov 
610 2 7 |a Svaz českých spisovatelů  |2 snkbucl  |9 220542 
655 7 |a články z novín a časopisov  |2 snkbucl  |9 267496 
655 7 |a články z odboru literárna veda a krásna literatúra  |2 snkbucl  |9 770045 
773 0 |t Ľud  |g Roč. 35, č. 54 (5. 3. 1982), s. 1 
850 |a Slovenská národná knižnica v Martine  |a MTA001 
852 |a SNK  |b KIS3GCP 
958 |a RK 
958 |a LX 
958 |a SK 
992 |a RBX 
999 |c 2173621  |d 2175551